[Event "Copenhagen Chess Challenge GM 2024"]
[Site "Ballerup"]
[Date "2024.08.11"]
[Round "9.1"]
[Board "1"]
[White "Kunin, Vitaly"]
[Black "Kistrup, Nicolai"]
[Result "1-0"]
[WhiteElo "2523"]
[BlackElo "2363"]
[EventDate "2024.08.07"]
[EventType "tourn"]
[EventRounds "9"]
[EventCountry "DEN"]
[SourceTitle "Live v. Michael Andersen"]

1. Nf3 d5 2. g3 g6 3. Bg2 Bg7 4. O-O e5 5. d3 Ne7 
6. Nbd2 O-O 7. e4 Nbc6 8. exd5 Nxd5 9. Re1 Be6 10. Nc4 f6 
11. d4 Nde7 12. Na3 Bg4 13. h3 Bxf3 14. Qxf3 Qxd4 15. Qb3+ Kh8 
16. Be3 Qd7 17. Rad1 Qc8 18. Bc5 Re8 19. Rd3 Rb8 20. Red1 Nf5 
21. Nb5 Ncd4 22. Nxd4 Nxd4 23. Qf7 Qe6 24. Qxe6 Nxe6 25. Bxa7 Ra8 
26. Be3 Rxa2 27. Bd5 Raa8 28. Bxb7 Rab8 29. Bd5 Bf8 30. b3 Rbd8 
31. Kg2 Kg7 32. c3 Rd6 33. b4 Red8 34. b5 Nd4 35. c4 Nf5 
36. c5 Nxe3+ 37. fxe3 R6d7 38. c6 Rd6 39. e4 Rb8 40. Ra1 Rdd8 
41. Ra7 Bd6 42. Rb7 Kf8 43. Rd2 Ke8 44. Ra2 Ra8 45. Rxa8 Rxa8 
46. b6 cxb6 47. Bf7+ Kf8 48. Be6 Ra4 49. Rd7 Rxe4 50. Rxd6 Re2+ 
51. Kf3 Rc2 52. Bc8 f5 53. Bb7 Rc3+ 54. Ke2 b5 55. Rd7 Ke8 
56. Rxh7 Kd8 57. Rd7+ Ke8 58. Rg7 Kd8 59. Rxg6 b4 60. Rg7 b3 
61. Rd7+ Ke8 62. Rd5 e4 63. Rxf5 Kd8 64. h4 Rxg3 65. Rf7 Rc3 
66. Rd7+ Ke8 67. Rd4 e3 68. h5 b2 69. Rb4 Rc2+ 70. Kxe3 Kd8 
71. h6 Rh2 72. h7 Rxh7 73. Rxb2 Kc7 74. Rd2 Rh3+ 75. Kd4 Rh5 
76. Kc4 Rh4+ 77. Rd4 Rh7 78. Kc5 Rg7 79. Ba6 1-0

[Event "Copenhagen Chess Challenge GM 2024"]
[Site "Ballerup"]
[Date "2024.08.11"]
[Round "9.2"]
[Board "2"]
[White "Kjartansson, Gudmundur"]
[Black "Jogstad, Martin"]
[Result "1-0"]
[WhiteElo "2474"]
[BlackElo "2383"]
[EventDate "2024.08.07"]
[EventType "tourn"]
[EventRounds "9"]
[EventCountry "DEN"]
[SourceTitle "Live v. Michael Andersen"]

1. e4 c6 2. Nf3 d5 3. d3 Qc7 4. Nc3 dxe4 5. dxe4 e5 
6. Bc4 b5 7. Bb3 a5 8. Ng5 Nh6 9. a4 b4 10. Ne2 Bc5 
11. O-O O-O 12. h3 Ba6 13. Kh1 Nd7 14. f4 exf4 15. Bxf4 Ne5 
16. Nf3 Bd6 17. Bxh6 gxh6 18. Qd2 Nxf3 19. Rxf3 Qe7 20. Ng3 Qe5 
21. Qxh6 Kh8 22. Rf5 Qxg3 23. Qf6+ Qg7 24. Qxd6 Rad8 25. Qxc6 Bc8 
26. Rf2 f5 27. exf5 Rf6 28. Qc5 Rh6 29. Re1 Bb7 30. Kh2 Qg5 
31. Qe5+ Rf6 32. Re3 Rdf8 33. Rg3 Qh6 34. Rf4 Rc8 35. Rfg4 1-0

[Event "Copenhagen Chess Challenge GM 2024"]
[Site "Ballerup"]
[Date "2024.08.11"]
[Round "9.3"]
[Board "3"]
[White "Jacobsen, Mikkel Manosri"]
[Black "Hector, Jonny"]
[Result "1/2-1/2"]
[WhiteElo "2276"]
[BlackElo "2438"]
[EventDate "2024.08.07"]
[EventType "tourn"]
[EventRounds "9"]
[EventCountry "DEN"]
[SourceTitle "Live v. Michael Andersen"]

1. c4 e5 2. g3 Nf6 3. Bg2 c6 4. Nf3 e4 5. Nd4 d5 
6. cxd5 Qxd5 7. e3 Qd8 8. Nc3 c5 9. Nde2 Bf5 10. d3 exd3 
11. Bxb7 Nbd7 12. Nf4 Ne5 13. O-O c4 14. b3 g5 15. bxc4 Rb8 
16. Bg2 gxf4 17. exf4 Ng6 18. Be3 Bb4 19. Nb5 O-O 20. Nd4 Qd7 
21. Nxf5 Qxf5 22. Bxa7 Rbd8 23. Rb1 Qa5 24. Be3 Rfe8 25. a3 Qxa3 
26. Rb3 Qa5 27. Rxd3 Rxd3 28. Qxd3 Bc5 29. Qf5 Rxe3 30. Qxf6 Re6 
31. Qg5 Re2 32. Kh1 Re1 33. h4 Rxf1+ 34. Bxf1 Qa8+ 35. Bg2 Qa1+ 
36. Kh2 Bxf2 37. h5 h6 38. Qg4 Qf6 39. hxg6 Qxg6 40. Qf3 Bc5 
41. Qe2 Qe6 42. Be4 Kg7 43. Qd3 Qf6 44. Kh3 Qd4 45. Qe2 Qd7+ 
46. Kg2 Qe6 47. Qd3 Qf6 48. Bd5 Qd4 49. Qe2 Qf6 50. Qg4+ Qg6 
51. Qd7 Qf6 52. Kh3 Qg6 53. Bf3 Qe6+ 54. Qxe6 fxe6 55. Kg4 Bf2 
56. Be4 Kf6 57. Kf3 Bb6 58. Ke2 Bc5 59. Bh7 Bb6 60. Kf3 Bc5 
61. Ke4 Bf2 62. Kf3 Bb6 63. Bg8 Bc5 64. g4 e5 65. f5 h5 
66. Be6 hxg4+ 67. Kxg4 e4 68. Kf4 e3 69. Kf3 Ke5 70. Bd5 Kxf5 
1/2-1/2

[Event "Copenhagen Chess Challenge GM 2024"]
[Site "Ballerup"]
[Date "2024.08.11"]
[Round "9.5"]
[Board "5"]
[White "Nielsen, Viktor Haarmark"]
[Black "Haubro, Martin"]
[Result "1/2-1/2"]
[WhiteElo "2363"]
[BlackElo "2390"]
[EventDate "2024.08.07"]
[EventType "tourn"]
[EventRounds "9"]
[EventCountry "DEN"]
[SourceTitle "Live v. Michael Andersen"]

1. d4 Nf6 2. c4 e6 3. Nf3 d5 4. g3 Bb4+ 5. Nbd2 O-O 
6. Bg2 dxc4 7. a3 Bxd2+ 8. Bxd2 Bd7 9. Qc2 Bc6 10. Qxc4 Bd5 
11. Qd3 Nbd7 12. O-O c5 13. Qe3 cxd4 14. Qxd4 Qb6 15. Qxb6 Nxb6 
16. Ne5 Bxg2 17. Kxg2 Rfd8 18. Nd3 Ne4 19. Ba5 Rac8 20. Rac1 Kf8 
21. f3 1/2-1/2